00916nam a22001817a 4500008004100000020001500041050001500056100001900071245006800090260005200158300002900210500002000239505039800259650002100657700002100678700001900699700001600718121128t xxu||||| |||| 00| 0 eng d a0710004796 aLB1048.D57 aYoung, Micheal aDistance teaching for the third world. /cMicheal Young et. al. aGreat Britain:bRoutledge & Kogan Paul,cc1980. ax, 248 p.:bill.;c23cm. aIncludes index. aContents: IMPASSE? -- Learning how to teach -- Classroom support -- Correspondence courses -- Rural development -- Could IT all be changed? -- Towards the barefoot technologist -- Appendix 1: a small study of teachers in training in Northern Nigeria -- Note on radio schools in Colombia (ACPO - Accion cultural popular) -- An Annotated directory of distance teaching Projects -- Abbreviations. bAdult education. aPerraton, Hilary aJenkins, Janet aDodds, Tony